Normal view
MARC view
Entry Personal Name
001 - CONTROL NUMBER
- control field: 788
003 - CONTROL NUMBER IDENTIFIER
- control field: ARRUPE
005 - DATE AND TIME OF LATEST TRANSACTION
- control field: 20130919171745.0
008 - FIXED-LENGTH DATA ELEMENTS
- fixed length control field: 130919|| aca||aabn | a|a d
040 ## - CATALOGING SOURCE
- Original cataloging agency: ARRUPE
- Transcribing agency: ARRUPE
100 ## - HEADING--PERSONAL NAME
- Personal name: Stasiak, Kurt,
- Dates associated with a name: 1952-
670 ## - SOURCE DATA FOUND
- Source citation: Work cat.: (ARRUPE)0: Stasiak, Kurt, 1952-, Return to grace :, c1996.